Principality of liechtenstein (Record no. 200421)

MARC details
000 -LEADER
fixed length control field 00586nam a22001937a 4500
005 - DATE AND TIME OF LATEST TRANSACTION
control field 20240129115836.0
010 ## - LCCN (DPL NO)
LC control number ENG-139013
020 ## - INTERNATIONAL STANDARD BOOK NUMBER
International Standard Book Number 3905437104
035 ## - SYSTEM CONTROL NUMBER
System control number EN-122545
037 ## - SOURCE OF ACQUISITION
Source of stock number/acquisition DBAD/PUB
082 ## - DEWEY DECIMAL CLASSIFICATION NUMBER
Classification number 914.3646
Edition number 1
100 ## - MAIN ENTRY--PERSONAL NAME
Personal name Gstohl, Egon
245 ## - TITLE STATEMENT
Title Principality of liechtenstein
Statement of responsibility, etc Egon Gstohl
Remainder of title Experience- A Journey In Pictures
260 ## - PUBLICATION, DISTRIBUTION, ETC. (IMPRINT)
Place of publication, distribution, etc Schaan
Name of publisher, distributor, etc Marco Nescher,
Date of publication, distribution, etc 2006
270 ## - ADDRESS
Address Alpenland Verlag AG, Feldkircher Strasse 13, FL-9494
300 ## - PHYSICAL DESCRIPTION
Extent 159 p.
Dimensions 29cm(Hbk)
700 ## - ADDED ENTRY--PERSONAL NAME
9 (RLIN) 61360
942 ## - ADDED ENTRY ELEMENTS (KOHA)
Source of classification or shelving scheme Dewey Decimal Classification
Item type English Books
Classification part 914.3648
Call number suffix GST
Edition 2nd
Holdings
Withdrawn status Lost status Not for loan Collection code Home library Current library Date acquired Source of acquisition Full call number Barcode Copy number Koha item type
    Not For Loan Reference Sarojini Nagar Sarojini Nagar 29/01/2024 DBAD 914.3648 GST EN-122545 1 English Books

© Delhi Public Library
Hit Counter
free hit counter